000 00319nam a2200133Ia 4500
008 190216s9999||||xx |||||||||||||| ||und||
100 _aKamaludheen. Ta
245 0 _aTheory Of Economic Planning
250 _a1st Ed.
260 _bKerala Bhasha Institute
_c1971
300 _a240
650 _aEconomics
942 _cBK
999 _c38192
_d38192